| 000 | 00860nam a2200181Ia 4500 | ||
|---|---|---|---|
| 003 | GCL | ||
| 005 | 20240530105131.0 | ||
| 008 | 140319s9999 xx 000 0 ara d | ||
| 040 |
_aGCL / _cGCL |
||
| 082 | 0 | 4 |
_a259 _bج ج |
| 100 | 1 | _aالسيوطى : جلال الدين ابوالفضل عبدالرحمن بن ابى بكر بن محمد الخضيرى | |
| 245 | 1 | 0 |
_aالحاوى للفتاوى: فى الفقه وعلوم التفسير والحديث والنحو والاعراب وسائد الفنون / _cالسيوطى : جلال الدين ابوالفضل عبدالرحمن بن ابى بكر بن محمد الخضيرى |
| 260 |
_a[S.N] : _bدار الكتب العلمية للنشر والتوزيع ، _c1988 |
||
| 300 | _aمتعدد الترقيم | ||
| 650 | 0 | 4 | _aالدين الاسلامى |
| 650 | 0 | 4 | _aفتاوى |
| 942 |
_2ddc _cBK |
||
| 999 |
_c53432 _d53432 |
||